000 01666nam a22003731i 4500
999 _c28365
_d28336
001 016888670
003 EG-ScBUE
005 20200318125739.0
008 150505t2015 nyua f b 001 0 eng d
020 _a9781292078113 (pbk.)
020 _a1292078111
040 _aStDuBDS
_beng
_erda
_cStDuBDS
_dEG-ScBUE
082 0 4 _a808.066791
_bCOR
_222
100 1 _aCorrigan, Timothy,
_d1951-
_eauthor.
_925371
245 1 2 _aA short guide to writing about film /
_cTimothy Corrigan, The University of Pennsylvania with Graham Corrigan.
250 _aNinth edition.
250 _aGlobal edition.
264 1 _aHarlow, England :
_bPearson Education Limited,
_c[2015]
264 4 _cc2015
300 _a208 pages :
_billustrations (black and white) ;
_c22 cm
336 _atext
_2rdacontent
_btxt
336 _astill image
_2rdacontent
_btxt
337 _aunmediated
_2rdamedia
_bn
338 _avolume
_2rdacarrier
_bnc
500 _aIncludes appendix.
504 _aIncludes bibliographical references and index.
520 _aBoth an introduction to film study and a practical writing guide, this brief text introduces students to major film theories as well as film terminology, enabling them to write more thoughtfully and critically. With numerous student and professional examples, this engaging and practical guide progresses from taking notes and writing first drafts to creating polished essays and comprehensive research projects.
650 7 _aFilm criticism.
_2BUEsh
650 7 _aFilm criticism
_xAuthorship.
_2BUEsh
653 _bCOMAME
_cMarch2020
655 _vReading book
_934232
700 1 _aCorrigan, Graham,
_eauthor.
_925371
942 _2ddc
_cBB